Sudden Death - Nachbarländer des Südsudan - Statistiken

Allgemein
  • Dieses Quiz wurde 23 mal gespielt
  • Das Durchschnittsergebnis liegt bei 2 aus 6
Answers on the Grid
Answers color-coded by a green-red scale on the quiz's grid according to % correct below.
Äthiopien🇪🇹
D.R. Kongo🇨🇩
Kenia🇰🇪
Sudan🇸🇩
Zentralafrikanische Republik🇨🇫
Uganda🇺🇬
Republik Kongo🇨🇬
Eritrea🇪🇷
Somalia🇸🇴
Dschibuti🇩🇯
Ruanda🇷🇼
Burundi🇧🇮
Tansania🇹🇿
Malawi🇲🇼
Sambia🇿🇲
Tschad🇹🇩
Ägypten🇪🇬
Libyen🇱🇾
Niger🇳🇪
Kamerun🇨🇲
 
Antwortstatistiken
Antwort % Korrekt
Sudan🇸🇩
73%
Äthiopien🇪🇹
40%
Uganda🇺🇬
33%
Zentralafrikanische Republik🇨🇫
33%
D.R. Kongo🇨🇩
13%
Kenia🇰🇪
13%
Keine übereinstimmenden Quizze gefunden
Verteilung der Resultate
Anzahl Personen mit jedem Resultat
Perzentil nach korrekt beantworteten Fragen
Ihre Resultats-Entwicklung
Sie haben dieses Quiz noch nicht gespielt